000 00981cam a2200313 a 4500
001 14641662
003 OSt
005 20220704163214.0
008 061121s2006 ii b 001 0 eng
010 _a 2006454097
020 _a8172149301
025 _aI-E-2006-454097; 05; 13
037 _bLibrary of Congress -- New Delhi Overseas Office
_cRs125.00
040 _aDLC
_cDLC
_dDLC
042 _alcode
050 0 0 _a261.55
_bX3G
082 _a261.55
_bX3G
100 1 _aXavier, Francis P.
245 1 0 _aGod of the atoms /
_cFrancis P. Xavier.
260 _aNew Delhi :
_bISPCK and LIFE,
_c2006.
300 _axvi, 152 p. ;
_c23 cm.
504 _aIncludes bibliographical references and index.
650 0 _aTheological anthropology
_xChristianity.
650 0 _aReligion and science.
650 0 _aEvolution (Biology)
_xReligious aspects
_xChristianity.
906 _a7
_bcbc
_corigode
_d3
_encip
_f20
_gy-gencatlg
942 _2ddc
_cBK
999 _c10886
_d10886